| 000 | 01737nam0a2200373 4500 | ||
|---|---|---|---|
| 001 | RU\NLR\BIBL_A\022503882 | ||
| 005 | 20250606104608.0 | ||
| 010 |
_a978-5-17-170703-3 _915000 |
||
| 021 |
_aRU _bКН-П-25-004045 _9КН-П-25-0390 |
||
| 035 | _a(NLR Aleph) 022503882 | ||
| 090 |
_a13427865 _c13427865 |
||
| 100 | _a20250327d2025 u y0rusy50 ca | ||
| 101 | 1 |
_arus _cchi |
|
| 102 | _aRU | ||
| 105 | _ao z 000ay | ||
| 181 | 0 |
_ai3 _baxxe |
|
| 181 | 0 |
_ab1 _bxb2e |
|
| 182 | 0 | _an | |
| 200 | 1 |
_aРазлука Орхидеи и Повелителя демонов _eроман _fЦзюлу Фэйсян _gперевод с китайского Екатерины Фокиной _gиллюстрации с персонажами Софьи Довнар-Запольской (S.D.-Z Art) _gвнутренняя иллюстрация Ольги Лялиной |
|
| 203 |
_aТекст _aИзображение _bвизуальные _cнепосредственные |
||
| 210 |
_aМосква _cАСТ _d2025 (печ. 2024) |
||
| 215 |
_a670, [1] с., [1] л. цв. ил. _cил. _d21 |
||
| 225 | 1 |
_aХиты Китая _iФэнтези |
|
| 333 | _a16+ | ||
| 686 | 1 | _aШ6(5Кит)77-440.4{Лх2179-50} | |
| 700 | 0 |
_7ca _8rus _aЦзюлу Фэйсян _f1992- _9263165 _3RU\NLR\AUTH\770263221 |
|
| 702 | 1 |
_4730 _7ca _8rus _aФокина _bЕ. Ю. _cпереводчик _gЕкатерина Юрьевна _9263162 _3RU\NLR\AUTH\770263218 |
|
| 702 | 1 |
_4440 _7ca _8rus _aДовнар-Запольская _bС. _gСофья _9263185 _3RU\NLR\AUTH\770263241 |
|
| 702 | 1 |
_aЛялина _bО. _gОльга _4440 |
|
| 942 | _cBOOK | ||
| 980 | _aNB | ||